लोकतांत्रिक विद्यालय: (Record no. 39650)
[ view plain ]
| 000 -LEADER | |
|---|---|
| fixed length control field | 01328nam a22002297a 4500 |
| 005 - DATE AND TIME OF LATEST TRANSACTION | |
| control field | 20100806111151.0 |
| 010 ## - LCCN (DPL NO) | |
| LC control number | HIN-90016 |
| 020 ## - INTERNATIONAL STANDARD BOOK NUMBER | |
| Terms of availability | 80.00 |
| International Standard Book Number | 8187171979 |
| 035 ## - SYSTEM CONTROL NUMBER | |
| System control number | HN-62362 |
| 037 ## - SOURCE OF ACQUISITION | |
| Source of stock number/acquisition | DBAD / PUB |
| 082 ## - DEWEY DECIMAL CLASSIFICATION NUMBER | |
| Classification number | 307 |
| 245 ## - TITLE STATEMENT | |
| Title | लोकतांत्रिक विद्यालय: |
| Statement of responsibility, etc | माइकल डब्ल्यू. एपल और जेम्स ए. बीन द्वारा संपादित |
| Remainder of title | कक्षा से सीखे सबक / |
| 246 ## - VARYING FORM OF TITLE | |
| Title proper/short title | Loktantarik Vidhyalaya |
| Remainder of title | Edited by Michel W. Aple Aur James A. Bean |
| 260 ## - PUBLICATION, DISTRIBUTION, ETC. (IMPRINT) | |
| Place of publication, distribution, etc | भोपाल (म.प्र.) |
| Name of publisher, distributor, etc | एकलव्य प्रकाशऩ |
| Date of publication, distribution, etc | 2007 |
| 270 ## - ADDRESS | |
| Address | ई-7/एचआईजी 453, अरेरा कॉलोनी |
| City | भोपाल (म.प्र.) |
| Postal code | 462016 |
| Telephone number | 0755-2463380 |
| Fax number | 0755-2461703 |
| 300 ## - PHYSICAL DESCRIPTION | |
| Extent | 136पृ |
| Dimensions | 22सेमी (सजिल्द) |
| 500 ## - GENERAL NOTE | |
| General note | स्वयं प्रकाश द्वारा अँग्रेजी से अनुदित |
| 700 ## - ADDED ENTRY--PERSONAL NAME | |
| 9 (RLIN) | 7228 |
| Personal name | माइकल डब्ल्यू. एपल |
| 700 ## - ADDED ENTRY--PERSONAL NAME | |
| 9 (RLIN) | 7267 |
| Personal name | जेम्स ए. बीन |
| 942 ## - ADDED ENTRY ELEMENTS (KOHA) | |
| Institution code [OBSOLETE] | dpl |
| Item type | Hindi Books |
| Call number prefix | |
| Source of classification or shelving scheme | Dewey Decimal Classification |
| Call number suffix | लोकतां |
| Classification part | 307 |
| Withdrawn status | Lost status | Not for loan | Collection code | Home library | Current library | Date acquired | Source of acquisition | Cost, normal purchase price | Full call number | Barcode | Copy number | Cost, replacement price | Koha item type |
|---|---|---|---|---|---|---|---|---|---|---|---|---|---|
| Not For Loan | Non-fiction | D.B.Act.Division | D.B.Act.Division | 06/08/2010 | DBAD/PUB | 80.00 | 307 लोकतां | HN-62362 | 1 | 80.00 | Hindi Books |
